MAASAI MARA UNIVERSITY

LIBRARY CATALOGUE

Contact Us: +254 020 2685356/7 or 0774 057787

Box: 861-20500, NAROK, KENYA

Email: info@mmarau.ac.ke

_Landforms in Africa An introduction to Geomorphology (Record no. 5587)

MARC details
000 -LEADER
fixed length control field 00410nam a2200145Ia 4500
008 - FIXED-LENGTH DATA ELEMENTS--GENERAL INFORMATION
fixed length control field 151021s9999 xx 000 0 und d
020 ## - INTERNATIONAL STANDARD BOOK NUMBER
International Standard Book Number 058260334x
050 ## - LIBRARY OF CONGRESS CALL NUMBER
Classification number GB439.B821978
245 ## - TITLE STATEMENT
Title _Landforms in Africa An introduction to Geomorphology
260 ## - PUBLICATION, DISTRIBUTION, ETC. (IMPRINT)
Place of publication, distribution, etc. England Longman 1978
300 ## - PHYSICAL DESCRIPTION
Extent 249p.:ill
500 ## - GENERAL NOTE
General note includes index
650 ## - SUBJECT ADDED ENTRY--TOPICAL TERM
Topical term or geographic name as entry element _Geomorphology
980 ## - EQUIVALENCE OR CROSS-REFERENCE-SERIES STATEMENT--PERSONAL NAME/TITLE [LOCAL, CANADA]
Personal name ^d20101209 12:10:01^okilerai

No items available.

© 2016 Maasai Mara University.